00635nam a2200205Ia 4500008004100000020002000041040001400061082002100075100001100096245002100107260004800128300002000176365002800196366000800224505001900232530003000251620010600281630002100387730002100408100315s9999 xx 000 0 und d a81-7274-294-0  cENGLISH  b7696 a332.45  aNabhi  aHandbook for NRI aNEW DELHI bNabhi's Publication  c1998  a"XXXII, 719  " eRupees d1 b310.00  f0  gJaya Nikhade  bDonated By RBI Library   a"NRI's Role Indian Economy and Recent , Investment Opportunities, NRI Investment, Entry Strategies " aHandbook for NRI aHandbook for NRI